000 00282nam a2200121 a 4500
008 130429s1977|||| d
100 1 _aLichnerová, A.
245 1 0 _aKrižikové vyšívanie
260 _bPráca
_aBratislava
_c1977
041 _aslo
044 _axo
_cSK
020 _c0
999 _c20246
_d20246